Städte mit höchster Lebensqualität - Deutschland - Statistiken

Allgemein
  • Dieses Quiz wurde 83 mal gespielt
  • Das Durchschnittsergebnis liegt bei 15 aus 20
Antwortstatistiken
Rang Bundesland Stadt % Korrekt
2 Bayern München
100%
4 Bayern Nürnberg
94%
13 Sachsen Leipzig
89%
19 Sachsen Dresden
87%
12 Hessen Frankfurt am Main
86%
8 - Hamburg
86%
16 Nordrhein-Westfalen Düsseldorf
84%
10 Brandenburg Potsdam
84%
6 - Berlin
83%
5 Bayern Ingolstadt
79%
3 Bayern Regensburg
77%
14 Bayern Fürth
71%
18 Baden-Württemberg Freiburg im Breisgau
70%
9 Sachsen Chemnitz
67%
15 Baden-Württemberg Heidelberg
64%
7 Niedersachsen Wolfsburg
63%
17 Niedersachsen Oldenburg
61%
1 Bayern Erlangen
53%
20 Baden-Württemberg Heilbronn
51%
11 Nordrhein-Westfalen Mönchengladbach
24%
Keine übereinstimmenden Quizze gefunden
Verteilung der Resultate
Anzahl Personen mit jedem Resultat
Perzentil nach korrekt beantworteten Fragen
Ihre Resultats-Entwicklung
Sie haben dieses Quiz noch nicht gespielt